000 01073nam a22002417a 4500
003 PE SENCICO BE
005 20251020182649.0
008 240111b |||||||| |||| 00| 0 eng d
040 _aPE SENCICO BE
_cPE SENCICO BE
041 _aspa
084 _aI
_aDIS
_a2015
_bR91
100 1 _91867
_aRubio Manrique, Javier
_eautor
245 1 _aImplementación y ordenamiento de talleres artesanales en la localidad de Quinua Ayacucho, en base al programa de mi tierra un producto - Mincetur /
_cJavier Rubio Manrique
260 _aLima :
_c2015
300 _a76 h. .
_bil. col., tabls. ;
_c30 cm.
502 _aMonografía de Titulación.-- Servicio Nacional de Capacitación para la Industria de la Construcción. Escuela Superior Técnica. Carrera Profesional Técnica en Diseño de Interiores, 2015
650 1 0 _944
_aDiseño de interiores
650 2 0 _91868
_aTalleres
650 2 0 _91869
_aTalleres rurales
710 1 _aServicio Nacional de Capacitación para la Industria de la Construcción.
_bEscuela Superior Técnica
_91065
910 _bhfp
_chfp
942 _cMON
999 _c4497
_d4497